000 00596cam a2200145 4500500
005 20260208010000.0
041 _afre
042 _adc
100 1 0 _aFougère, Marie-Ange
_eauthor
245 0 0 _aPIERRE SCHOENTJES, Silhouettes de l’ironie. Genève, Droz, « Roma nica Gandensia », XXXIV, 2007. Un vol. de 372 p.
260 _c2010.
500 _a26
786 0 _nRevue d'histoire littéraire de la France | 109 | 4 | 2010-01-06 | p. 983zb-984zb | 0035-2411
856 4 1 _uhttps://shs.cairn.info/revue-d-histoire-litteraire-de-la-france-2009-4-page-983zb?lang=fr&redirect-ssocas=7080
999 _c1654688
_d1654688